000 00255nam a2200097Ia 4500
008 230915s9999 xx 000 0 und d
050 _aHF5667.V67 2014
100 _aVillani, Kathleen
245 0 _aComputerized Accounting with Quick Books 2013
942 _cBK
999 _c83421
_d83421